000 00789nam a2200253Ia 4500
003 OSt
005 20220918171047.0
006 a|||||r|||| 00| 0
007 ta
008 220917b |||||||| |||| 00| 0 eng d
020 _a9781138504615 (pbk)
_cUKP 29.99
024 _a351,872
037 _b1740, 12/12/2019, Bright Book Service
_cTextual
040 _aARTS
_cARTS
_beng
041 _2eng
_aeng
082 _aR4, R0
100 _aRocha James Au.
_933733
245 0 _aEthics of hooking up
_b casual sex and moral philosophy on campus
260 _aNew York
_bRoutledge USA
_c2020
300 _axi,170p.
_ccm.
650 _aETHICS; PHILOSOPHY
_914226
942 _hR4, R0
_cTEXL
_2CC
999 _c137642
_d137642